000
00336 a2200157 4500
001
47609
020
_a
9780740792014
040
_c
Anchieta - Aquarius
100
_a
Hannigan, Paula
240
1
0
_a
Zoo Babies
_l
por
245
1
0
_a
Zoo Babies
300
_a
12
362
0
_a
2009
650
4
_a
Literatura infantil em inglês
942
_c
BK
999
_c
47609
_d
47609